Leasehold disputes (Record no. 109030)
[ view plain ]
| 000 -LEADER | |
|---|---|
| fixed length control field | 01651cam a22002775a 4500 |
| 001 - CONTROL NUMBER | |
| control field | L146049 |
| 008 - FIXED-LENGTH DATA ELEMENTS--GENERAL INFORMATION | |
| fixed length control field | 081204s2008 xxkd f 001 0 eng d |
| 020 ## - INTERNATIONAL STANDARD BOOK NUMBER | |
| International Standard Book Number | 9781903307625 |
| 035 ## - SYSTEM CONTROL NUMBER | |
| System control number | (Sirsi) u146049 |
| 041 0# - LANGUAGE CODE | |
| Language code of text/sound track or separate title | eng |
| 050 04 - LIBRARY OF CONGRESS CALL NUMBER | |
| Classification number | 347.4104 $2 18 |
| 100 1# - MAIN ENTRY--PERSONAL NAME | |
| Personal name | Davey, Francis |
| 245 00 - TITLE STATEMENT | |
| Title | Leasehold disputes |
| Remainder of title | a guide to Leasehold Valuation Tribunals |
| 250 ## - EDITION STATEMENT | |
| Edition statement | 2nd ed. |
| 260 ## - PUBLICATION, DISTRIBUTION, ETC. | |
| Place of publication, distribution, etc. | London |
| Name of publisher, distributor, etc. | LAG education and service trust Ltd |
| Date of publication, distribution, etc. | 2008 |
| 300 ## - PHYSICAL DESCRIPTION | |
| Extent | xxxi, 340p. |
| Other physical details | ill. |
| Dimensions | 21cm. |
| 350 ## - PRICE (NR) (BK AM CF MU VM SE) [OBSOLETE] | |
| Price | 30.00 |
| 505 2# - FORMATTED CONTENTS NOTE | |
| Formatted contents note | Service charges -- Tenants' right to information -- Consultation on service charges -- Insurance -- Administration charges -- Variation of leases -- Appointment of a manager -- Right to manage -- Forfeiture -- Right to buy leases -- Funding -- Procedure in the LVT -- Worked examples -- Appendices: legislation and directions; Residential Property Tribunal Service application forms; RPTS guidance on tenants' associations; useful addresses |
| 520 ## - SUMMARY, ETC. | |
| Summary, etc. | Practical guide for those going before, or wishing to make an application to the Leasehold Valuation Tribunal (LVT). Provides information on all relevant legislation and case law in all the usual areas of dispute. The authors present a step-by-step guide to the application and hearing processes and also address funding. This second edition provides a new chapter on 'right to buy' and expanded coverage on the new powers of the LVT. |
| 521 ## - TARGET AUDIENCE NOTE | |
| Target audience note | Advanced |
| 590 ## - LOCAL NOTE (RLIN) | |
| Local note | KA |
| 651 #4 - SUBJECT ADDED ENTRY--GEOGRAPHIC NAME | |
| Geographic name | England and Wales |
| Chronological subdivision | 1543- |
| 690 ## - LOCAL SUBJECT ADDED ENTRY--TOPICAL TERM (OCLC, RLIN) | |
| Topical term or geographic name as entry element | MANAGEMENT-DISPUTE AVOIDANCE, MANAGEMENT AND RESOLUTION-DISPUTE MANAGEMENT AND RESOLUTION |
| 700 1# - ADDED ENTRY--PERSONAL NAME | |
| Personal name | Bates, Justin |
| 942 ## - ADDED ENTRY ELEMENTS (KOHA) | |
| Suppress in OPAC | 0 |
| Withdrawn status | Lost status | Source of classification or shelving scheme | Damaged status | Not for loan | Home library | Current library | Shelving location | Date acquired | Cost, normal purchase price | Total Checkouts | Full call number | Barcode | Date last seen | Date last checked out | Copy number | Cost, replacement price | Price effective from | Koha item type |
|---|---|---|---|---|---|---|---|---|---|---|---|---|---|---|---|---|---|---|
| Dewey Decimal Classification | London | London | Books | 10/12/2008 | 30.00 | 2 | 347.4104 DAV | 30076426 | 06/08/2019 | 15/07/2009 | 1 | 30.00 | 06/08/2019 | Book |